Perry's chemical engineers' handbook

Kaydedildi:
Detaylı Bibliyografya
Asıl Yazarlar: Perry, Robert H (Yazar), Green, Don W (Yazar)
Materyal Türü: Kitap
Dil:İngilizce
Baskı/Yayın Bilgisi: Nueva York McGraw-Hill 2008
Edisyon:8a. ed
Konular:
Etiketler: Etiketle
Etiket eklenmemiş, İlk siz ekleyin!

MARC

LEADER 00000cam a2200000 a 4500
001 UCE4815
003 CL-VaPUC
008 141113e20080000us |||||||||||||||||eng|d
020 |a 9780071422949 
082 0 4 |a 660.2  |b PER  |2 21 
100 0 |a Perry, Robert H  |e author  |9 577289 
700 0 |a Green, Don W  |e author  |9 577290 
245 1 0 |a Perry's chemical engineers' handbook 
250 |a 8a. ed 
300 |a pág. irreg 
942 |c BK 
945 |d 20141113 14:00:00  |a dcastane 
260 |a Nueva York  |b McGraw-Hill  |c 2008 
650 7 |a INGENIERIA QUIMICA  |2 CL-VaPUC  |9 8 
650 0 |a Ingeniería bioquímica   |9 260241 
650 7 |a DESHECHOS  |2 CL-VaPUC  |9 348056 
650 7 |a TRATAMIENTO DE DESECHOS  |2 CL-VaPUC  |9 339623 
650 0 |a Materiales peligrosos  |9 358775 
583 |a last modification  |c 20141113 14:00:00  |k Rodrigo Vera 
999 |c 357675  |d 357673 
952 |0 0  |1 0  |3 erd  |4 0  |6 660_200000000000000_PER_2008  |7 0  |8 X  |9 465715  |a BIBING  |b BIBING  |i 5124735  |l 2  |o 660.2 PER 2008  |p 5124735  |r 2025-01-20  |s 2024-04-23  |w 2019-11-23  |y BK_X  |z Catalogado en:20141113  |k EIB 
952 |0 0  |1 1  |2 ddc  |3 erd  |4 0  |6 660_200000000000000_PER_2008  |7 0  |8 X  |9 465716  |a BIBING  |b BIBING  |i 5415586  |o 660.2 PER 2008  |p 5415586  |r 2023-03-02  |w 2019-11-23  |y BK_X  |z Catalogado en:20170818  |k EIQ 
952 |0 0  |1 0  |3 erd  |4 0  |6 660_200000000000000_PER_2008  |7 0  |8 X  |9 465717  |a BIBING  |b BIBING  |i 547745K  |l 3  |o 660.2 PER 2008  |p 547745K  |r 2025-01-20  |s 2024-04-29  |w 2019-11-23  |y BK_X  |z Catalogado en:20180622  |k EIQ 
952 |0 0  |1 0  |3 erd  |4 0  |6 660_200000000000000_PER_2008  |7 0  |8 X  |9 465718  |a BIBING  |b BIBING  |i 5477468  |l 6  |o 660.2 PER 2008  |p 5477468  |r 2025-01-20  |s 2024-12-09  |w 2019-11-23  |y BK_X  |z Catalogado en:20180622  |k EIQ